Music Quiz

Random Music or Lyrics Quiz
Score 0/198 Timer 08:00
0 Plays Today
Lyric % Correct
a
97.7%
The
97.7%
the
97.7%
a
97.7%
the
97.7%
the
97.7%
the
97.7%
a
97.7%
a
97.7%
a
97.7%
and
97.7%
the
97.7%
the
97.7%
the
97.7%
the
97.7%
the
97.7%
the
97.7%
the
97.7%
a
97.7%
the
97.7%
a
97.7%
a
97.7%
the
97.7%
the
97.7%
the
97.7%
the
97.7%
I
96%
I
96%
I
96%
I
96%
I
96%
I
96%
I
96%
You
86.9%
you
86.9%
you
86.9%
to
79.4%
to
79.4%
to
79.4%
it
79.4%
to
79.4%
to
79.4%
to
79.4%
to
79.4%
me
78.3%
me'
78.3%
He
77.7%
He
77.7%
he
77.7%
in
77.1%
in
77.1%
in
77.1%
in
77.1%
in
77.1%
in
77.1%
in
77.1%
in
77.1%
in
77.1%
in
77.1%
in
77.1%
in
77.1%
in
77.1%
in
77.1%
when
70.3%
your
69.7%
so
69.1%
Lyric % Correct
go
68.6%
go...
68.6%
of
67.4%
of
67.4%
of
67.4%
if
63.4%
my
62.3%
my
62.3%
too
59.4%
was
58.3%
was
58.3%
was
58.3%
was
58.3%
was
58.3%
was
58.3%
they
57.7%
her
57.7%
like
56%
see
56%
there
54.3%
I'm
54.3%
all
52.6%
up
50.3%
up
50.3%
up
50.3%
at
49.7%
just
49.1%
him
49.1%
don't
48%
Had
46.3%
had
46.3%
man
44.6%
man
44.6%
man
44.6%
life
39.4%
Got
39.4%
got
39.4%
got
39.4%
down
37.7%
down
37.7%
Down
37.7%
down
37.7%
now'
36.6%
now
36.6%
been
34.9%
Out
34.3%
by
33.7%
said
33.1%
woman
32%
THey're
31.4%
Come
30.3%
he's
30.3%
off
29.1%
off
29.1%
loved
26.3%
gone
25.7%
took
23.4%
that's
22.9%
Went
22.9%
much
21.1%
back
20%
says
20%
first
17.1%
little
16.6%
home
16.6%
'son
16.6%
Lyric % Correct
'son
16.6%
end
16%
put
16%
run
15.4%
hand
14.3%
VA
13.1%
picture
13.1%
still
12.6%
town
11.4%
dead
10.9%
hit
10.9%
ain't
10.3%
Born
9.1%
ground
9.1%
dog
9.1%
Born
9.1%
born
9.1%
Born
9.1%
Born
9.1%
born
9.1%
born
9.1%
born
9.1%
Born
9.1%
man's
8.6%
'til
8.6%
USA
8.6%
USA
8.6%
USA
8.6%
USA
8.6%
USA
8.6%
USA
8.6%
USA
8.6%
USA
8.6%
understand
8.6%
kick
8%
beat
8%
half
8%
Sent
8%
kill
8%
road
8%
spend
7.4%
land
7.4%
arms
7.4%
rifle
6.9%
foreign
6.9%
brother
6.9%
yellow
6.3%
refinery
6.3%
refinery
6.3%
ten
6.3%
years
6.3%
Nowhere
6.3%
nowhere
6.3%
hometown
5.7%
jam
5.7%
Saigon
5.7%
covering
5.1%
Viet Cong
5.1%
gas
5.1%
fires
5.1%
shadow
4.6%
penitentiary
4.6%
burning
4.6%
fighting
4%
Hiring
3.4%
Khe Sahn
3.4%
Remove Ads.
Support Sporcle.
Get the best of Sporcle when you Go Orange. This ad-free experience offers more features, more stats, and more fun while also helping to support Sporcle. Thank you for becoming a member.

You're not logged in!

Compare scores with friends on all Sporcle quizzes.
OR
Log In

Show Comments

Extras

Top Quizzes Today


Score Distribution

Your Account Isn't Verified!

In order to create a playlist on Sporcle, you need to verify the email address you used during registration. Go to your Sporcle Settings to finish the process.

Report this User

Report this user for behavior that violates our Community Guidelines.

Details: